000 00477nam a2200181Ia 4500
001 35685
003 IN-NITTTR
005 20251114233433.0
008 251113s9999||||xx |||||||||||||| ||eng||
040 _beng
040 _cIN-NITTTR
041 _aeng
082 _aTK7871.6
100 _aJha, Kumud Ranjan
245 0 _aTerahertz Planar Antennas for Next Generation Communication /
_cJha, Kumud Ranjan, Singh, Ghanshyam
700 _a Singh, Ghanshyam
942 _2ddc
_cBK
999 _c35330
_d35330